|
|
|
|
| LEADER |
01134nam a22002897a 4500 |
| 001 |
36115 |
| 003 |
BD-DhAAL |
| 005 |
20211129161637.0 |
| 008 |
190923t1990 enka|||| |||| 001 0 eng d |
| 999 |
|
|
|c 41391
|d 41391
|
| 020 |
|
|
|a 9780304322510
|
| 020 |
|
|
|a 0304322512
|
| 040 |
|
|
|a BD-DhAAL
|
| 082 |
|
|
|a 372.942
|
| 100 |
|
|
|a Pollard, Andrew
|d 1949-
|9 35177
|
| 245 |
|
|
|a Learning in primary schools : an introduction for parents, governors and teachers /
|c Andrew Pollard
|
| 260 |
|
|
|a London :
|b Cassell,
|c 1990 [reprinted 1993]
|
| 300 |
|
|
|a ix,145 pages :
|b illustrations ;
|c 22 cm.
|
| 490 |
|
|
|a Education matters.
|
| 504 |
|
|
|a Includes bibliographies and index.
|
| 526 |
|
|
|a BIED
|
| 541 |
|
|
|a Complimentary copy from BIED
|e 36115
|
| 650 |
|
|
|a Elementary schools
|z England
|9 35178
|
| 650 |
|
|
|a Elementary schools
|x Social science
|9 35179
|
| 852 |
|
|
|a Ayesha Abed Library
|c BIED Collection
|
| 942 |
|
|
|2 ddc
|c BK
|
| 952 |
|
|
|0 0
|1 0
|2 ddc
|4 0
|6 372_942000000000000_POL
|7 0
|9 66490
|a BRACUL
|b BRACUL
|c GEN
|d 2019-09-23
|e Complimentary copy from BIED
|l 0
|o 372.942 POL
|p 3010036115
|r 2019-09-23
|t 1
|w 2019-09-23
|y BK
|x Transferred from BIED to General Stacks
|